000 00743nam a2200217 a 4500
005 20210223125258.0
008 040217s2001 mx r 000 0 spa d
020 _a8477388954
035 _aUPN01000131964
049 _aCG
050 4 _aGV705
_bC6.4
100 1 _aContreras Jordán, Onofre Ricardo
245 1 0 _aIniciación deportiva /
_cOnofre Ricardo Contreras, Eduardo de la Torre, Roberto Velázquez.
260 _aMadrid :
_bSíntesis,
_c[2001].
300 _a350 p. :
_bcuadros
440 0 _aActividad física y deporte.
_pFundamentos del deporte ;
_v1
650 4 _aDEPORTES -
_xESTUDIO Y ENSEÑANZA
_910375
700 1 _aTorre Navarro, Eduardo de la,
_ecoaut.
700 1 _aVelázquez Buendía, Roberto,
_ecoaut.
905 _aLibro
999 _c104119
_d104119